LIBRARY & INFORMATION CENTRE, KCAET, TAVANUR

ONLINE PUBLIC ACCESS CATALOGUE (OPAC)

Sanyasi / (Record no. 3954)

MARC details
000 -LEADER
fixed length control field 00387cam a2200157ua 4500
041 ## - LANGUAGE CODE
Language code of text/sound track or separate title mal
082 ## - DEWEY DECIMAL CLASSIFICATION NUMBER
Classification number 894.812 308
Item number JUS/SA
100 ## - MAIN ENTRY--AUTHOR NAME
Personal name Joshwa, J R .
245 ## - TITLE STATEMENT
Title Sanyasi /
250 ## - EDITION STATEMENT
Edition statement 1 /
260 ## - PUBLICATION, DISTRIBUTION, ETC. (IMPRINT)
Place of publication Thuravoor :
Name of publisher Sree Narasimha Vilasam Book Depot ,
Year of publication 1953.
300 ## - PHYSICAL DESCRIPTION
Number of Pages 292 ; .
942 ## - ADDED ENTRY ELEMENTS (KOHA)
Koha item type Books
Holdings
Withdrawn status Lost status Damaged status Home library Current library Date acquired Full call number Accession Number Koha item type Cost, normal purchase price
Withdrawn     KAUAET Central Prison Tavanur 07/04/2012 894.812 308 995 Books  
Withdrawn     KAUAET KAUAET 25/10/2019 894.812 308 JUS/SA 994 Books 2.50
free website counter